Statistiques concernant đź“– 150 premiers mots "Un homme Ă  distance" Katherine Pancol

Cliquez ici pour prendre le quiz!

Statistiques générales

  • Ce quiz a Ă©tĂ© pris 5 fois
  • Le rĂ©sultat moyen est 105 sur 150

Statistiques - réponses

Mots% Correct
Ă 
100%
a
100%
c'
100%
d'
100%
dit :
100%
dit
100%
Elle
100%
elle
100%
en
100%
est ...
100%
est
100%
Et
100%
et
100%
Ă©tait
100%
Il
100%
l'
100%
la
100%
Laurent
100%
le
100%
les
100%
m'
100%
ma
100%
mon
100%
n'
100%
ne
100%
Paluel.
100%
pas
100%
que
100%
s'
100%
son
100%
tout
100%
tu
100%
Tu
100%
un
100%
Un
100%
une
100%
Bartholdi.
80%
ça
80%
ce
80%
dans
80%
de
80%
Je
80%
on
80%
On
80%
plus
80%
pris
80%
qui
80%
se
80%
sur
80%
veux
80%
veux...
80%
amie.
60%
avec
60%
des
60%
du
60%
fais
60%
jour,
60%
Kay
60%
mer
60%
puis
60%
si
60%
aller
40%
café.
40%
demandé
40%
encore...
40%
grande
40%
grosse
40%
heure
40%
parlé
40%
assise.
20%
bleu.
20%
Ceci
20%
centrale
20%
chercher
20%
eaux
20%
garder.
20%
histoire
20%
liasse
20%
lié
20%
Marée.
20%
nucléaire
20%
posé
20%
sorti
20%
table.
20%
voisine,
20%
cigarette.
0%
cuisine
0%
échouée
0%
entrée
0%
fumé
0%
hasardaient
0%
lettres
0%
méduses
0%
moules
0%
normandes,
0%
orque
0%
plage,
0%
poisson
0%
réchauffement
0%
restaurant.
0%
tablier
0%

Distribution des résultats

Percentile par nombre de réponses

% des personnes avec chaque résultat

Votre développement - résultats

Vous n’avez pas pris ce quiz